00850 a2200205 4500020001600000022001600016040001300032082001200045100001900057245011500076250001200191260005000203300003700253500001900290650003100309942002500340999001500365952013200380952013200512 a 817758264X a 817758264X aDLCbDLC a621.382 aTomasi, Wayne. aElectronic communications systems: fundamentals through advanced cfundamentals through advancedhWayne Tomasi a5th ed. aNew Delhi :bPearson Education Inc. ,cc2007. axviii, 1163 p. :bill. ;c27 cm. aIncludes Index aTelecommunication systems. cBKk621.382 TOM2ddc c4637d4637 001040708NFICaCLbCLcGENd2007-11-07eAllied Book Companyg449.10l0o621.382 TOMpSEECS008704r2012-11-14w2017-01-05yBK 001040708NFICaCLbCLcGENd2007-11-07eAllied Book Companyg449.10l0o621.382 TOMpSEECS008705r2012-11-14w2017-01-05yBK